Microbiology and Plant Pathology (Record no. 395819)

MARC details
000 -LEADER
fixed length control field 00295 a2200133 4500
000 - LEADER
fixed length control field nam a22 7a 4500
100 ## - MAIN ENTRY--PERSONAL NAME
Personal name Srivastva
110 ## - MAIN ENTRY--CORPORATE NAME
Corporate name or jurisdiction name as entry element Srivastva
245 ## - TITLE STATEMENT
Title Microbiology and Plant Pathology
250 ## - EDITION STATEMENT
Edition statement latest edition
260 ## - PUBLICATION, DISTRIBUTION, ETC.
Name of publisher, distributor, etc. up
Date of publication, distribution, etc. 2021
264 ## - PRODUCTION, PUBLICATION, DISTRIBUTION, MANUFACTURE, AND COPYRIGHT NOTICE
Name of producer, publisher, distributor, manufacturer up
Date of production, publication, distribution, manufacture, or copyright notice 2021
942 ## - ADDED ENTRY ELEMENTS (KOHA)
Koha item type Books

No items available.

© Designed and Maintained by Vivekananda Library, MDU Rohtak